Innovations in ART neural networks

Αποθηκεύτηκε σε:
Λεπτομέρειες βιβλιογραφικής εγγραφής
Άλλοι συγγραφείς: Jain, L. C. (Επιμελητής έκδοσης), Lazzerini, Beatrice 1953- (Επιμελητής έκδοσης), Ugur, Halici 1958- (Επιμελητής έκδοσης)
Μορφή: Βιβλίο
Γλώσσα:English
Δημοσίευση: Heidelberg : Physica-Verlag, c2000
Σειρά:Studies in fuzziness and soft computing ; ; 43
Θέματα:
Ετικέτες: Προσθήκη ετικέτας
Δεν υπάρχουν, Καταχωρήστε ετικέτα πρώτοι!

MARC

LEADER 00000nam a2200000 i 4500
001 1/16118
008 010122s2000 eng d
020 |a 3-7908-1270-6 
035 |l 10065661 
040 |a GR-MY-UA  |b gre  |e aacr 
041 0 |a eng 
082 0 |a 006.32 
245 1 0 |a Innovations in ART neural networks /  |c Lakhmi C. Jain, Beatrice Lazzerini, Ugur Halici (Eds.) 
260 |a Heidelberg :   |b Physica-Verlag,   |c c2000 
300 |a xii, 258 p.;  |b ill.;  |c 24 cm. 
490 1 |a Studies in fuzziness and soft computing  |v ; 43 
500 |a With 69 figures and 30 tables 
504 |a Incudes bibliographical references and index 
650 0 0 |a Neural networks (Computer science) 
700 1 |a Jain, L. C.  |4 edt 
700 1 |a Lazzerini, Beatrice  |d 1953-  |4 edt 
700 1 |a Ugur, Halici  |d 1958-  |4 edt 
830 0 |a Studies in fuzziness and soft computing ;  |v ; 43 
852 |a INST  |b SYROS  |e 20010122  |h 006.32 INN  |p 005500001586  |q 005500001586  |t BK  |y 0 
901 |a BIBL5-2001-1 
909 |a Ε  |b 084486 
922 |a 5ΕΛΗ  |b 200012  |c ΓΡΑΦΙΚΩΝ ΤΕΧΝΩΝ  |d ΜΙΧΑΛΟΠΟΥΛΟΣ 
950 |a 183-2000-12-09 
970 |a ΚΟΝΤΟΥ  |b ΠΑΡΑΣΚΕΥΗ  |z 2001/01/29